Estadísticas para Países que contienen la letra B

Haz click aquí para intentar la prueba.

Estadísticas generales

  • Esta prueba ha sido intentada 1.889 veces
    (1.884 desde el último reinicio)
  • La puntuación promedio es 39 de 51

Estadísticas de respuestas

País% Correcto
Brasil
94%
Bélgica
93%
Bolivia
93%
Barbados
88%
Bulgaria
88%
Belice
87%
Bosnia y Herzegovina
86%
Bahamas
85%
Bielorrusia
85%
Bután
85%
Brunéi
83%
Burundi
83%
Colombia
83%
Albania
82%
Arabia Saudí
81%
Bangladés
81%
Baréin
81%
Botsuana
81%
Burkina Faso
81%
Benín
79%
Libia
79%
Zimbabue
78%
Zambia
77%
Antigua y Barbuda
75%
Serbia
75%
Cabo Verde
74%
Cuba
74%
Líbano
74%
Liberia
74%
República del Congo
74%
República Democrática del Congo
74%
Azerbaiyán
73%
Gambia
73%
Mozambique
73%
Namibia
73%
Birmania
72%
Camboya
72%
República Checa
72%
República Dominicana
72%
Gabón
71%
Guinea Bissau
69%
República Centroafricana
68%
Uzbekistán
68%
Luxemburgo
67%
San Cristóbal y Nieves
67%
Trinidad y Tobago
67%
Emiratos Árabes Unidos
66%
Yibuti
62%
República de Macedonia
61%
Kiribati
60%
Países Bajos
60%

Distribución de puntuación

Porcentaje por número respondido

Porcentaje de gente con cada puntuación

Historial de tus puntuaciones

No has intentado esta prueba desde el último reinicio